| 000 | 00000nam##2200000za#4500 |
| 001 | 9.615399 |
| 003 | CaOODSP |
| 005 | 20200514165624 |
| 007 | ta |
| 008 | 150406|2000||||xxc||||| f|0| 0 eng|d |
| 020 | |a0-662-29628-1 |
| 040 | |aCaOODSP|beng |
| 043 | |an-cn--- |
| 086 | 1 |aNH18-22/100-113E |
| 110 | 2 |aCanada Mortgage and Housing Corporation. |
| 245 | 10|aDetermination of water vapour diffusion across brick masonry treated with water-repellant sealers |
| 260 | |aOttawa - Ontario : |bCanada Mortgage and Housing Corporation |c2000. |
| 300 | |a4p. : |billus. ; |c28 cm. |
| 490 | 1 |aResearch highlight. Technical series |v00-113 |
| 563 | |aPamphlet |
| 590 | |a00-48|b2000-12-01 |
| 690 | 07|aConstruction materials|2gcpds |
| 690 | 07|aBuildings|2gcpds |
| 776 | 0#|tDetermination of water vapour diffusion across brick masonry treated with water-repellant sealers |w(CaOODSP)9.580786 |
| 830 | #0|aResearch highlight. Technical series ;|v00-113|w(CaOODSP)9.514826 |
| 986 | |aNHA 2266 |